• 首页
  • 本馆介绍
  • 公告通知
  • 最新文献
  • 馆藏检索
  • 电子资源
  • 读者导购
  • 参考咨询
  • 我的图书馆
  • 登录
  • 详细信息显示
  • 放入我的书架
  • 预约/预借图书
  • 作者相关作品
  • 分类相关作品
  • 丛书相关作品
  • 出版社相关作品

书目信息

  • 表格格式
  • 工作单格式
  • 卡片格式
题名:
自由社会主义
    
 
作者: 罗塞利 著 ;陈高华 译
分册:  
出版信息: 长春   吉林出版集团有限责任公司  2015
页数: 263页
开本: 23cm
丛书名: 公共哲学与政治思想系列
单 册:
中图分类: D033.4 , D091.5
科图分类:
主题词: 社会主义--关系--自由主义--研究
电子资源:
ISBN: 978-7-80762-796-8
000 01261oam2 2200313 450
001 339647
005 20150608161546.25
010    @a978-7-80762-796-8@dCNY36.00
100    @a20091230d2008 em y0chiy50 ea
101 1  @achi@beng@cita
102    @aCN@b220000
105    @ay z 000yy
106    @ar
200 1  @a自由社会主义@Azi you she hui zhu yi@d= Liberal socialism@f(意) 卡洛·罗塞利(Carlo Rosselli) 著@g陈高华译@zeng
205    @a第2版
210    @a长春@c吉林出版集团有限责任公司@d2015
215    @a263页@d23cm
225 2  @a公共哲学与政治思想系列
305    @a根据迪亚·乌尔比纳蒂编辑、威廉·麦克凯戈翻译的英文译本译出
330    @a本书作者在自由主义民主制度呈现弊端、社会主义意识形态面临挑战的20世纪30年代, 针对法西斯主义的兴起及其所造成的灾难, 从以往的历史经验与政治理想中析取自由主义和社会主义的精神, 创造性地提出“自由社会主义”的理论, 指出社会主义是行动的自由主义。
410  0 @12001 @a公共哲学与政治思想系列
510 1  @aLiberal socialism@zeng
606 0  @a社会主义@x关系@x自由主义@x研究
690    @aD033.4@v5
690    @aD091.5@v5
701  0 @c(意)@a罗塞利@Aluo sai li@c(Rosselli, Carlo, @f1899 1937)@4著
702  0 @a陈高华@Achen gao hua@f(1980)@4译
801  0 @aCN@b卓展宏图@c20150525
905    @dD033.4@e122=2@f4
    
    自由社会主义= Liberal socialism/(意) 卡洛·罗塞利(Carlo Rosselli) 著/陈高华译.-第2版.-长春:吉林出版集团有限责任公司,2015
    263页;23cm.-(公共哲学与政治思想系列)
    
    
    ISBN 978-7-80762-796-8:CNY36.00
    本书作者在自由主义民主制度呈现弊端、社会主义意识形态面临挑战的20世纪30年代, 针对法西斯主义的兴起及其所造成的灾难, 从以往的历史经验与政治理想中析取自由主义和社会主义的精神, 创造性地提出“自由社会主义”的理论, 指出社会主义是行动的自由主义。
●
相关链接 在E读中查询图书 在五车中查询图书 在当当中查询图书 在豆瓣中查询图书


正题名:自由社会主义     索取号:D033.4/122=2         预约/预借

序号 登录号 条形码 馆藏地/架位号 状态 备注
1 863493   208634931   第一样本阅览室/ [索取号:D033.4/122=2] 在馆    
2 863494   208634940   史法系资料室/ [索取号:D033.4/122=2] 在馆    
3 863495   208634959   第一借阅区/ [索取号:D033.4/122=2] 在馆    
4 863496   208634968   第一借阅区/ [索取号:D033.4/122=2] 在馆    
唐山师范学院图书馆 欢迎您!
大连网信软件有限公司© 版权所有